LEADER 01227nam 2200385 450 001 990000931080203316 010 $a3-7643-5272-2 035 $a0093108 035 $aUSA010093108 035 $a(ALEPH)000093108USA01 035 $a0093108 100 $a20020131d1995----km-y0itay0103----ba 101 $aeng 102 $aDE 105 $a||||||||001yy 200 1 $aOperator theory and boundary eigenvalue problems$einternational workshop in Vienna, July 27-30, 1993$fedited by I. Gohberg, H. Langer 210 $aBasel$cBirkhauser$dc1995 215 $aX, 313 p.$d24 cm 225 2 $aOperator theory advances and applications$v80 410 $12001$aOperator theory advances and applications$v80 606 $aTeoria degli operatori$xCongressi$z1993 676 $a515.724 676 $a515.724 702 1$aGOHBERG,$bI.srael 702 1$aLONGER,$bH. 801 0$aIT$bsalbc$gISBD 912 $a990000931080203316 951 $a515.724 OPE$b11114 ING$c515.724 959 $aBK 969 $ac 979 $aPATTY$b90$c20020131$lUSA01$h1107 979 $c20020403$lUSA01$h1736 979 $aPATRY$b90$c20040406$lUSA01$h1704 996 $aOperator theory and boundary eigenvalue problems$9375160 997 $aUNISA LEADER 01217cam0-22003971i-450- 001 990005340210403321 005 20130719100429.0 010 $a0-405-07019-5 035 $a000534021 035 $aFED01000534021 035 $a(Aleph)000534021FED01 035 $a000534021 100 $a19990604e19751939km-y0itay50------ba 101 0 $ager 102 $aUS 105 $ay-------001yy 200 1 $aAus altrömischen Priesterbüchern$fvon Eduard Norden 205 $aRist. 210 $aNew York$cArno Press$d1975 215 $aXIII, 300 p.$d24 cm 225 1 $aAncient religion and mythology 307 $aRilegato con copertina rigida telata 324 $aRistampa dell'edizione: Lund ; Leipzig : Gleerup ; Harrassowitz, 1939 610 0 $aCollegio dei Fratelli Arvali$aFormulari e prerogative 610 0 $aVarrone, Marco Terenzio 610 0 $aRoma antica$aReligione 676 $a470.9 676 $a292.07 700 1$aNorden,$bEduard$0153884 801 0$aIT$bUNINA$gRICA$2UNIMARC 901 $aBK 912 $a990005340210403321 952 $aP2B-390-NORDEN E.-1975$bIst.St.Ant.gr.rom. 2312$fFLFBC 959 $aFLFBC 996 $aAus altromischen Priesterbuchern$9210249 997 $aUNINA